| 000 | 00856nam a2200217 i 4500 | ||
|---|---|---|---|
| 001 | 181921 | ||
| 003 | ES-MaACL | ||
| 005 | 20250526201159.0 | ||
| 008 | 130507s2012 sp | |||||||| | spa d | ||
| 020 | _a978-84-615-9106-0 | ||
| 080 | _a081 Carretero Miramar, José Luis | ||
| 100 | 1 |
_aCarretero Miramar, José Luis. _9139590 |
|
| 245 | 1 | 3 |
_aEl trabajo de la crisis : _bartículos sobre economía, derecho, pedagogía y otras hierbas / _cJosé Luis Carretero Miramar. |
| 260 |
_aMadrid : _bConfederación Sindical Solidaridad Obrera, _c2012. |
||
| 300 |
_a311 p. ; _c18 cm. |
||
| 650 | 0 |
_aCrisis económicas- 2008 _9236570 |
|
| 852 |
_aES-MaACL _jA-12611 _9188829 _bR.148836 _cDEPO1 _dOlim: N-5614 _xDonación: José Luis Carretero Miramar |
||
| 903 |
_9139590 _aCarretero Miramar, José Luis _ednr |
||
| 942 |
_2udc _cMONOGRAFIA |
||
| 999 |
_c181921 _d181921 |
||